Countries beginning with K - Statistics

General Stats
  • This quiz has been taken 14 times
  • The average score is 5 of 6
Answer Stats
Hint Answer % Correct
Africa Kenya
100%
Oceania Kiribati
100%
Asia Kuwait
100%
Europe Kosovo
93%
Asia Kazakstan
43%
Asia Kyrgyztan
14%
No matching quizzes found
Score Distribution
Percent of People with Each Score
Percentile by Number Answered
Your Score History
You have not taken this quiz